000 00594nam a2200217 a 4500
005 20140310183512.0
008 101013s19uu xx 00 eng d
020 _a9780495832522
050 _aLB 1028
_b.Ar96 2010
100 _aAry, Donald
245 _aIntroduction to research in education /
_cDonald Ary.
250 _a8th
260 _aSingapore :
_bCengage Learning,
_c2010.
300 _a669 p. :
_bill. ;
_c28 cm.
521 _aEDU
650 _aResearch in education
700 _aJacobs, Lucy Cheser
700 _aSorensen, Chris
942 _cBK
_2lcc
_kFOR
999 _c24199
_d24199